000 00722cam a2200217 i 4500
020 _a0404162177
040 _cDLC
082 0 0 _a582 AMS 1978 A032 Or.
100 1 _aReifsnyder, William E.
245 1 0 _aRadiant energy in relation to forests /
250 _a1st AMS ed.
260 _aNew York :
_bAMS Press,
_c1978.
300 _avi, 111 p. :
_bill. ;
_c22 cm.
500 _aReprint of the 1965 ed. published by U.S. Dept. of Agriculture, Forest Service, Washington, which was issued as no. 1344 of the Technical bulletin of the U.S. Dept. of Agriculture.
650 0 _aPlants
650 0 _aSolar radiation.
650 0 _aForest meteorology.
650 0 _aTrees
700 1 _aLull, Howard William,
942 _cEK
999 _c12130
_d12130